000 00761nam a2200265 a 4500
008
020 _a0340719206 (pbk.)
049 _aMAIN
090 0 _aTA405
_bCAS
100 1 _aCase, John.
245 1 0 _aStrength of materials and structures /
_cJohn Case, Lord Chilver, Carl T.F. Ross.
250 _a4th ed.
260 _aLondon :
_bArnold,
_cc1999.
300 _axiv, 706 p. :
_bill. ;
_c25 cm.
504 _aIncludes bibliographical references.
500 _aIncludes index.
650 0 _aStrength of materials.
700 1 _aChilver, Henry.
700 1 _aRoss, C.T.F.
907 _a.b10116436
_b06-11-12
_c01-04-04
003
005 20230123134343.0
040 _cNUST
942 _cBOOKS
_kTA405
_mCAS
999 _c164435
_d164435